000 01487nam a2200361 a 4500
001 1128746
003 OSt
005 20231030141531.0
008 940112s1993 enka b 001 0 eng
010 _a 94104705
020 _a0333589165 (hardcover :
_c$43.20)
020 _a0333589173 (pbk.)
040 _aDLC
_cDLC
050 0 0 _aPE1074.7
_b.F74 1993
082 0 0 _a428.3/4
_220
100 1 _aFreeborn, Dennis.
_955530
245 1 0 _aVarieties of English :
_ban introduction to the study of language /
_cDennis Freeborn with Peter French and David Langford.
250 _a2nd ed.
260 _aHoundmills, Basingstoke, Hampshire :
_bMacmillan,
_c1993.
300 _axiii, 269 p. :
_bill. ;
_c24 cm.
490 1 _aStudies in English language
504 _aIncludes bibliographical references (p. 255-258) and index.
650 0 _aEnglish language
_xVariation
_xProblems, exercises, etc.
_955531
650 0 _aEnglish language
_xHistory
_xProblems, exercises, etc.
_955532
650 0 _aEnglish language
_xStandardization
_xProblems, exercises, etc.
_955533
650 0 _aEnglish language
_xSpoken English
_xProblems, exercises, etc.
_955534
700 1 _aFrench, Peter.
_955535
700 1 _aLangford, David.
_955536
830 0 _aStudies in English language (Houndmills, Basingstoke, Hampshire)
_955537
906 _a7
_bcbc
_corignew
_d3
_encip
_f19
_gy-gencatlg
942 _2lcc
_cBK
999 _c67731
_d67705